Lo creas o no /

Furkejuvvon:
Bibliográfalaš dieđut
Váldodahkki: Janikovsky, Eva (autor)
Eará dahkkit: Réber, László (ilustración) (ilustración)
Materiálatiipa: Girji
Giella:espánnjágiella
Almmustuhtton: Barcelona, España : Daimon : Manuel Tamayo, 1977
Fáttát:
Fáddágilkorat: Lasit fáddágilkoriid
Eai fáddágilkorat, Lasit vuosttaš fáddágilkora!

MARC

LEADER 00000nam^a2200000^a^4500
001 000022786
005 20250521000000.0
009 20260310084509.605
020 |a 93-231-0025-1 
037 |a Acervo ITESO - Biblioteca 
041 |a ESP 
082 |a 808. 899282  |b JAN 
100 |a Janikovsky, Eva  |e (autor) 
245 1 0 |a Lo creas o no /  |c E. Janikovsky ; il. de L. Réber ; tr. por María M. Kása. 
264 1 |a Barcelona, España :  |b Daimon :  |b Manuel Tamayo,  |c 1977 
300 |a 32 p. 
336 |a texto  |b txt  |2 rdacontenido 
337 |a sin mediación  |b n  |2 rdamedio 
338 |a volumen  |b nc  |2 rdasoporte 
500 |a Traducción de: Akár Hiszed, Akár Nem 
649 |a XX 
650 |a Cuentos Infantiles 
650 |a Cuentos Húngaros 
650 |a Literatura Húngara -  |y Siglo XX 
650 |a Literatura de Mujeres -  |z Hungría 
650 |a Literatura Infantil -  |z Hungría 
650 |a Familia 
650 |a Genealogía 
650 |a Ciclo Vital de la Familia 
700 |a Réber, László  |e (ilustración) 
910 |a Fondo General 
920 |a Impresos - Libros 
930 |a Colección General 
940 |a Literatura 
905 |a 101 
901 |a 0227860100  |b IT1  |c LIT  |i 022786  |u 20250521 
902 |a https://opac.biblio.iteso.mx/vufind/Record/000022786